Basic understanding to hospitality and tourism marketing with IMC / (Record no. 216)

MARC details
000 -LEADER
fixed length control field 00766nam a22002057a 4500
005 - DATE AND TIME OF LATEST TRANSACTION
control field 20230520072320.0
008 - FIXED-LENGTH DATA ELEMENTS--GENERAL INFORMATION
fixed length control field 221114b |||||||| |||| 00| 0 eng d
020 ## - INTERNATIONAL STANDARD BOOK NUMBER
International Standard Book Number 978-971-9654-68-1
082 ## - DEWEY DECIMAL CLASSIFICATION NUMBER
Classification number Fil. 647.940688 V433 2017
100 ## - MAIN ENTRY--PERSONAL NAME
Personal name Velasco, Evelyn O.
Relator term author
245 ## - TITLE STATEMENT
Title Basic understanding to hospitality and tourism marketing with IMC /
Statement of responsibility, etc. Evelyn O. Velasco, Daryl A. Javier, Enrique S. Perez
260 ## - PUBLICATION, DISTRIBUTION, ETC.
Place of publication, distribution, etc. Manila:
Name of publisher, distributor, etc. Unlimited Books Library Services and Publishing,
Date of publication, distribution, etc. c2017.
300 ## - PHYSICAL DESCRIPTION
Extent viii, 134p.
504 ## - BIBLIOGRAPHY, ETC. NOTE
Bibliography, etc. note Includes references
541 ## - IMMEDIATE SOURCE OF ACQUISITION NOTE
Accession number 5944 c.1, 5945 c.2, 5946 c.3
650 ## - SUBJECT ADDED ENTRY--TOPICAL TERM
Topical term or geographic name entry element Hospitality industry - Marketing
650 ## - SUBJECT ADDED ENTRY--TOPICAL TERM
Topical term or geographic name entry element Tourist trade - Marketing
700 ## - ADDED ENTRY--PERSONAL NAME
Personal name Javier, Daryl A.
Relator term author
700 ## - ADDED ENTRY--PERSONAL NAME
Personal name Perez, Enrique S.
Relator term author
Holdings
Withdrawn status Lost status Source of classification or shelving scheme Damaged status Not for loan Home library Current library Date acquired Total Checkouts Full call number Barcode Date last seen Copy number Price effective from Koha item type
    Dewey Decimal Classification     ctu-moalboal ctu-moalboal 03/19/2019   Fil. 647.940688 V433 2017 5944 11/14/2022 1 11/14/2022 Books-Filipiniana
    Dewey Decimal Classification     ctu-moalboal ctu-moalboal 03/19/2019   Fil. 647.940688 V433 2017 5945 11/14/2022 2 11/14/2022 Books-Filipiniana
    Dewey Decimal Classification     ctu-moalboal ctu-moalboal 03/19/2019   Fil. 647.940688 V433 2017 5946 11/14/2022 3 11/14/2022 Books-Filipiniana